| 000 | 00000nam##2200000za#4500 |
| 001 | 9.574220 |
| 003 | CaOODSP |
| 005 | 20210624184058 |
| 007 | cr ||||||||||| |
| 008 | 150406|2006||||xxc|||||o f|0| 0 eng|d |
| 022 | |a1488-5379 |
| 040 | |aCaOODSP|beng |
| 043 | |an-cn--- |
| 086 | 1 |aFs97-6/2679E-PDF |
| 110 | 1 |aCanada. |bDepartment of Fisheries and Oceans. |
| 245 | 10|aRisks associated with drilling fluids at petroleum development sites in the offshore : |h[electronic resource]|bevaluation of the potential for an aliphatic hydrocarbon based drilling fluid to produce sedimentary toxicity and for barite to be acutely toxic to plankton / |cby J. Payne ... [et al.]. |
| 260 | |aNanaimo - British Columbia : |bFisheries and Oceans Canada |c2006. |
| 300 | |a32p.|bfig., graphs, references, tables |
| 490 | 1 |aCanadian technical report of fisheries and aquatic sciences|x1488-5379|v2679 |
| 500 | |aThe catalogue number (Fs97-6/2679E) and ISSN (0706-6457) for the print edition have been incorrectly copied in this electronic publication. |
| 546 | |a(Résumé en français) |
| 590 | |a12-26-Supp|b2012-06-07 |
| 720 | 1 |aPayne, J. |
| 776 | 0#|tRisks associated with drilling fluids at petroleum development sites in the offshore : |w(CaOODSP)9.618174 |
| 830 | #0|aCanadian technical report of fisheries and aquatic sciences,|x1488-5379|v2679|w(CaOODSP)9.504449 |
| 856 | 40|ahttp://publications.gc.ca|qPDF|s12.51 MB|uhttps://publications.gc.ca/collections/collection_2012/mpo-dfo/Fs97-6-2679-eng.pdf|y2679 |